Quel joueur français a marqué ce but? - Statistiques

Statistiques générales
  • Ce quiz a été pris 238 fois
  • Le résultat moyen est 9 sur 16
Statistiques - réponses
Date Match Score Minute Réponse % Correct
15 mai 2002 Real Madrid - Bayer Leverkusen 2-1 45' Zinédine Zidane
96%
27 juin1984 France - Espagne 2-0 57' Michel Platini
85%
1er juillet 2006 Brésil - France 0-1 57' Thierry Henry
83%
23 août 2020 Paris Saint-Germain - Bayern Munich 0-1 59' Kingsley Coman
80%
15 mars 2017 AS Monaco - Manchester City 3-1 8' Kylian Mbappé
80%
12 juillet 1998 France - Brésil 3-0 90'+3' Emmanuel Petit
77%
8 juillet 1998 France - Croatie 2-1 70' Lilian Thuram
75%
26 mai 1993 Olympique de Marseille - AC Milan 1-0 43' Basile Boli
71%
21 décembre 1996 Manchester United vs Sunderland 5-0 80' Éric Cantona
64%
2 juillet 2000 France - Italie 2-1 (a.p) 90'+4' Sylvain Wiltord
60%
8 mai 2005 AC Milan - Juventus 0-1 28' David Trezeguet
47%
8 juillet 1982 Allemagne de l'Ouest - France 3-3 (5-4 t.a.b) 92' Marius Trésor
29%
5 janvier 1997 Inter - AS Roma 3-1 39' Youri Djorkaeff
22%
4 avril 1998 Paris Saint-Germain - Girondins de Bordeaux 2-2 (4-2 t.a.b) 114' Jean-Pierre Papin
10%
6 mars 1985 Girondin de Bordeaux - Dnipro 1-0 10' Bernard Lacombe
7%
13 juin 1956 Real Madrid - Stade de Reims 4-3 62' Michel Hidalgo
2%
Aucun quiz correspondant
Distribution des résultats
% des personnes avec chaque résultat
Percentile par nombre de réponses
Votre historique - résultats
Vous n’avez pas pris ce quiz